Super Bowl Winner by Random Year - Statistics

General Stats
  • This quiz has been taken 11 times
  • The average score is 34 of 59
Answer Stats
Year Answer % Correct
2023 Chiefs
83%
2022 Chiefs
83%
2019 Chiefs
83%
2021 Rams
83%
2015 Broncos
67%
2020 Buccaneers
67%
1969 Chiefs
67%
2006 Colts
67%
1995 Cowboys
67%
1992 Cowboys
67%
1977 Cowboys
67%
1971 Cowboys
67%
2024 Eagles
67%
2017 Eagles
67%
2007 Giants
67%
2010 Packers
67%
1967 Packers
67%
2018 Patriots
67%
2016 Patriots
67%
2014 Patriots
67%
2012 Ravens
67%
2013 Seahawks
67%
2005 Steelers
67%
1975 Steelers
67%
1994 49ers
50%
1989 49ers
50%
1988 49ers
50%
1984 49ers
50%
1981 49ers
50%
1985 Bears
50%
1998 Broncos
50%
1997 Broncos
50%
2002 Buccaneers
50%
1970 Colts
50%
1993 Cowboys
50%
1973 Dolphins
50%
1972 Dolphins
50%
2011 Giants
50%
1990 Giants
50%
1986 Giants
50%
1968 Jets
50%
1996 Packers
50%
1966 Packers
50%
2004 Patriots
50%
2003 Patriots
50%
2001 Patriots
50%
1983 Raiders
50%
1980 Raiders
50%
1976 Raiders
50%
1999 Rams
50%
2000 Ravens
50%
1991 Redskins
50%
1987 Redskins
50%
1982 Redskins
50%
2009 Saints
50%
2008 Steelers
50%
1979 Steelers
50%
1978 Steelers
50%
1974 Steelers
50%
No matching quizzes found
Score Distribution
Percent of People with Each Score
Percentile by Number Answered
Your Score History
You have not taken this quiz